<?xml version="1.0" encoding="UTF-8"?>
<collection xmlns="http://www.loc.gov/MARC21/slim">
 <record>
  <leader>01555nam a2200193Ia 4500</leader>
  <controlfield tag="001">CTU_141309</controlfield>
  <controlfield tag="008">210402s9999    xx            000 0 und d</controlfield>
  <datafield tag="082" ind1=" " ind2=" ">
   <subfield code="a">810.8</subfield>
  </datafield>
  <datafield tag="082" ind1=" " ind2=" ">
   <subfield code="b">A628/Vol.1</subfield>
  </datafield>
  <datafield tag="245" ind1=" " ind2="0">
   <subfield code="a">Anthology of American Literature</subfield>
  </datafield>
  <datafield tag="245" ind1=" " ind2="0">
   <subfield code="c">General editor, George McMichael ; advisory editors, Frederick Crews ... [et al.].</subfield>
  </datafield>
  <datafield tag="260" ind1=" " ind2=" ">
   <subfield code="a">New Jersey</subfield>
  </datafield>
  <datafield tag="260" ind1=" " ind2=" ">
   <subfield code="b">Prentice Hall College Div</subfield>
  </datafield>
  <datafield tag="260" ind1=" " ind2=" ">
   <subfield code="c">1997</subfield>
  </datafield>
  <datafield tag="520" ind1=" " ind2=" ">
   <subfield code="a">This leading, two-volume anthology represents America's literary heritage from the colonial times of William Bradford and Anne Bradstreet to the contemporary era of Saul Bellow and Alice Walker. Volume II begins with Walt Whitman and Emily Dickinson and moves through Toni Morrison. It reflects a continued emphasis on cultural plurality, and multiple selections by authors that enables readers to compare and contrast different works. Numerous editions in their entirety include Twain's Adventures of Huckleberry Finn; Crane's The Red Badge of Courage; William's The Glass Menagerie; Hansberry's A Raisin in the Sun; and Miller's Death of a Salesman. Also featured are shorter works—such as “How to Tell a Story,” by Mark Twain; Poems by Rita Dove; short stories by Sandra Cisneros, Louise Erdrich, and Toni Morrison. For modern scholars of America's literary history, and readers who simply love to read—especially the classics.</subfield>
  </datafield>
  <datafield tag="650" ind1=" " ind2=" ">
   <subfield code="a">American literature.,United States,Văn học Mỹ</subfield>
  </datafield>
  <datafield tag="650" ind1=" " ind2=" ">
   <subfield code="x">Literary collections.</subfield>
  </datafield>
  <datafield tag="904" ind1=" " ind2=" ">
   <subfield code="i">Năm</subfield>
  </datafield>
  <datafield tag="980" ind1=" " ind2=" ">
   <subfield code="a">Trung tâm Học liệu Trường Đại học Cần Thơ</subfield>
  </datafield>
 </record>
</collection>
